Arte y humanismo en Florencia en tiempos de Lorenzo el Magnífico / (Record no. 51453)

MARC details
000 -LEADER
campo de control de longitud fija 00625nam a2200181 i 4500
001 - NÚMERO DE CONTROL
campo de control 51453
003 - IDENTIFICADOR DE NÚMERO DE CONTROL
campo de control ES-MaACL
005 - FECHA Y HORA DE LA ÚLTIMA TRANSACCIÓN
campo de control 20230906162351.0
007 - CAMPO FIJO DE DESCRIPCIÓN FÍSICA--INFORMACIÓN GENERAL
campo de control de longitud fija t|
008 - DATOS DE LONGITUD FIJA--INFORMACIÓN GENERAL
campo de control de longitud fija 030813s1982 sp ||||1| spa d
100 1# - ENTRADA PRINCIPAL--NOMBRE DE PERSONA
Nombre de persona Chastel, André.
9 (RLIN) 38168
245 10 - MENCIÓN DEL TÍTULO
Título Arte y humanismo en Florencia en tiempos de Lorenzo el Magnífico /
Mención de responsabilidad, etc. André Chastel ; [traducción de Luis López Jiménez y Luis López Esteve].
260 ## - PUBLICACIÓN, DISTRIBUCIÓN, ETC.
Lugar de publicación, distribución, etc. Madrid :
Nombre del editor, distribuidor, etc. Cátedra,
Fecha de publicación, distribución, etc. [1982]
300 ## - DESCRIPCIÓN FÍSICA
Extensión 535 p., 96 lám. :
Otras características físicas il. ;
Dimensiones 24 cm.
700 1# - ENTRADA AGREGADA--NOMBRE PERSONAL
Nombre de persona López Jiménez, Luis.
9 (RLIN) 73714
700 1# - ENTRADA AGREGADA--NOMBRE PERSONAL
Nombre de persona López Esteve, Luis.
9 (RLIN) 73626
852 ## - LOCALIZACIÓN
Ubicación ES-MaACL
Número de control de estantería L-2436
Sublocalización o colección R.103284
Holdings
Estatus retirado Estado de pérdida Estado de daño No para préstamo Biblioteca de origen Biblioteca actual Ubicación en estantería Fecha de adquisición Fuente de adquisición Total de préstamos Signatura topográfica completa Código de barras Visto por última vez Precio de reemplazo Tipo de ítem Koha
        Biblioteca del Ateneo de Madrid Biblioteca del Ateneo de Madrid Depósito 2 17/01/2008     L-2436 1054112 23/02/2023 23/02/2023 Libro impreso